Desarrollo urbano y afectación de los ríos de Santiago de Cali : Meléndez, Lili y Cañaveralejo /

Bibliographic Details
Main Author: Uribe Castro, Hernando (Author, Editor)
Format: Electronic eBook
Language:Spanish
Published: Cali, Valle del Cauca, Colombia : Universidad Autónoma de Occidente, [2023]
Subjects:
Online Access:Digitalia Hispánica

MARC

LEADER 00000nam a2200000Ii 4500
001 DIGUAOCCTE0107
003 NyNyDIG
006 m o d
007 cr |||||||||||
008 240915s2023 ck a ob 000 0 spa d
035 |a (OCoLC)1456948193 
040 |a DGITA  |b eng  |e rda  |e pn  |c DGITA 
020 |a 9789586191548  |q pdf 
020 |a 9789586191555  |q ePub 
020 |z 9789586191531  |q impreso 
043 |a s-ck--- 
050 1 4 |a GB980 ebook 
245 0 0 |a Desarrollo urbano y afectación de los ríos de Santiago de Cali :  |b Meléndez, Lili y Cañaveralejo /  |c Hernando Uribe Castro, compilador ; autores, Hernando Uribe Castro [and 7 others]. 
264 1 |a Cali, Valle del Cauca, Colombia :  |b Universidad Autónoma de Occidente,  |c [2023] 
300 |a 1 online resource :  |b illustrations. 
336 |a text  |b txt  |2 rdacontent 
337 |a computer  |b c  |2 rdamedia 
338 |a online resource  |b cr  |2 rdacarrier 
347 |a text file  |2 rdaft 
347 |b PDF 
504 |a Includes bibliographical references. 
588 0 |a Online resource; title from PDF title page (Digitalia, viewed September 15, 2024) 
650 0 |a Watersheds  |z Colombia. 
650 0 |a Urban development  |z Cali (Colombia) 
700 1 |a Uribe Castro, Hernando,  |e editor,  |e author. 
776 0 8 |i Print version:  |t Desarrollo urbano y afectación de los ríos de Santiago de Cali.  |d Cali, Valle del Cauca, Colombia : Universidad Autónoma de Occidente, [2023]  |z 9789586191531 
791 2 |a Digitalia (Firm),  |e distributor. 
793 0 |g Digitalia eBook Collection:  |a Universidad Autónoma de Occidente 
856 4 0 |3 Digitalia Hispánica  |u https://www.digitaliapublishing.com/a/157207/ 
910 |a Premium collection: 2024